LEADER 01556nam0 22003373i 450 001 CFI0944538 005 20231121125457.0 020 $aIT$b2016-144T 100 $a20190702d2015 ||||0itac50 ba 101 | $aita 102 $ait 181 1$6z01$ai $bxxxe 182 1$6z01$an 200 1 $aDonne e dirigenza scolastica$eprospettive per una leadership e una governance al femminile$etesi di dottorato$fFrancesca Dello Preite$gtutor: Simonetta Ulivieri$gcoordinatrice: Simonetta Ulivieri 210 $a[Firenze$d2015] 215 $a1 volume 300 $aAnni 2012-2015 300 $aIn testa al frontespizio: Università degli studi Firenze, dottorato di ricerca in scienze della formazione, ciclo XXVIII, coordinatrice: Simonetta Ulivieri 300 $aTesi svolta presso il Dipartimento di scienze della formazione e psicologia 606 $aDonne dirigenti$xScuole$xTesi di dottorato$2FIR$3RMLC446273$9N 676 $a370.82$9Donne nell'educazione.$v22 700 1$aDello Preite$b, Francesca$3UFEV344502$0789083 712 01$aUniversità degli studi di Firenze$b : Dipartimento di scienze della formazione e psicologia$3CFIV290272 801 3$aIT$bIT-01$c20190702 850 $aIT-FR0017 899 $aBiblioteca umanistica Giorgio Aprea$bFR0017 912 $aCFI0944538 950 0$aBiblioteca umanistica Giorgio Aprea$d 52PDD G 35$e 52DUP0009026185 VMB $fB $h20190702$i20190702 977 $a 52 996 $aDonne e dirigenza scolastica$93606424 997 $aUNICAS LEADER 01130nam0 22002891i 450 001 UON00448678 005 20231205105031.424 100 $a20141217d1977 |0itac50 ba 101 $afre 102 $aFR 105 $a|||| 1|||| 200 1 $aˆLes ‰Châtiments$fVictor Hugo$gédition présentée, établie et annotée par René Journet 210 $aParis$cGallimard$dc1977 215 $a413 p.$d18 cm. 316 $aValore stimato$5IT-UONSI Francese36 PoésieHUG/3 410 1$1001UON00174465$12001 $a Collection Poésie$1210 $aParis$cGallimard 620 $aFR$dParis$3UONL002984 676 $a841$cPoesia francese$v21 700 1$aHUGO$bVictor$3UONV003324$0444801 702 1$aJOURNET$bRené$3UONV190695 712 $aGallimard$3UONV246610$4650 801 $aIT$bSOL$c20240220$gRICA 899 $aSIBA - SISTEMA BIBLIOTECARIO DI ATENEO$2UONSI 912 $aUON00448678 950 $aSIBA - SISTEMA BIBLIOTECARIO DI ATENEO$dSI Francese 36 Poésie HUG 3 $eSI LO 20222 7 3 Valore stimato$sBuono 996 $aChâtiments$9941444 997 $aUNIOR